| Tag |
First Indicator |
Second Indicator |
Subfields |
| LEADER |
00000cas a2200000 4500 |
| 001 |
in00000049292 |
| 005 |
20151007065744.0 |
| 008 |
740820c19739999nyuar1 y 0uuua0enge |
| 010 |
|
|
|a 74643381
|
| 012 |
|
|
|a 4
|b 3
|c -
|d 7
|e n
|f -
|g p
|h -
|i ----
|
| 022 |
|
|
|a 0094-0925
|
| 035 |
|
|
|a (OCoLC)01793393
|
| 035 |
|
|
|9 AAE2614AM
|
| 040 |
|
|
|a DLC
|c DLC
|d NSD
|d DLC
|d TXA
|d UtOrBLW
|
| 042 |
|
|
|a lc
|a nsdp
|
| 049 |
|
|
|a TXAE
|
| 050 |
|
0 |
|a TL5
|b .W63
|
| 082 |
0 |
|
|a 629.22/22/09047
|
| 222 |
|
0 |
|a World cars
|
| 245 |
0 |
0 |
|a World cars.
|
| 264 |
|
1 |
|a Pelham, N.Y. :
|b Herald Books.
|
| 300 |
|
|
|a volumes :
|b illustrations ;
|c 28 cm.
|a annual.
|
| 336 |
|
|
|a text
|b txt
|2 rdacontent
|
| 337 |
|
|
|a unmediated
|b n
|2 rdamedia
|
| 338 |
|
|
|a volume
|b nc
|2 rdacarrier
|
| 362 |
0 |
|
|a 1973-
|
| 550 |
|
|
|a Vols. for issued by the Automobile Club of Italy.
|
| 650 |
|
0 |
|a Automobiles
|v Periodicals.
|
| 710 |
2 |
|
|a Automobile club d'Italia.
|
| 780 |
0 |
0 |
|t World car catalogue
|
| 999 |
|
|
|a MARS
|
| 999 |
f |
f |
|s 42c53f17-5621-3154-916f-ac51a158cac4
|i fef00b66-b46c-3b2c-a517-cce02311c095
|t 0
|
| 952 |
f |
f |
|p ric
|a Texas A&M University
|b Rellis Campus
|c Joint Library Facility
|d Remote Storage
|t 0
|e TL5 .W63
|h Library of Congress classification
|i unmediated -- volume
|k 1976
|m A14807726492
|
| 952 |
f |
f |
|p ric
|a Texas A&M University
|b Rellis Campus
|c Joint Library Facility
|d Remote Storage
|t 0
|e TL5 .W63
|h Library of Congress classification
|i unmediated -- volume
|k 1978
|m A14807749034
|
| 952 |
f |
f |
|p ric
|a Texas A&M University
|b Rellis Campus
|c Joint Library Facility
|d Remote Storage
|t 0
|e TL5 .W63
|h Library of Congress classification
|i unmediated -- volume
|k 1972
|m A14807746824
|
| 952 |
f |
f |
|p ric
|a Texas A&M University
|b Rellis Campus
|c Joint Library Facility
|d Remote Storage
|t 0
|e TL5 .W63
|h Library of Congress classification
|i unmediated -- volume
|k 1985
|m A14808406273
|
| 952 |
f |
f |
|p ric
|a Texas A&M University
|b Rellis Campus
|c Joint Library Facility
|d Remote Storage
|t 0
|e TL5 .W63
|h Library of Congress classification
|i unmediated -- volume
|k 1984
|m A14808135042
|
| 952 |
f |
f |
|p ric
|a Texas A&M University
|b Rellis Campus
|c Joint Library Facility
|d Remote Storage
|t 0
|e TL5 .W63
|h Library of Congress classification
|i unmediated -- volume
|k 1973
|m A14807749092
|
| 952 |
f |
f |
|p normal
|a Texas A&M University
|b Rellis Campus
|c Joint Library Facility
|d Remote Storage
|t 0
|e TL5 .W63
|h Library of Congress classification
|i unmediated -- volume
|k 1977
|m A14807749157
|
| 952 |
f |
f |
|p normal
|a Texas A&M University
|b Rellis Campus
|c Joint Library Facility
|d Remote Storage
|t 0
|e TL5 .W63
|h Library of Congress classification
|i unmediated -- volume
|k 1983
|m A14807318257
|
| 952 |
f |
f |
|p ric
|a Texas A&M University
|b Rellis Campus
|c Joint Library Facility
|d Remote Storage
|t 0
|e TL5 .W63
|h Library of Congress classification
|i unmediated -- volume
|k 1979
|m A14807252354
|
| 998 |
f |
f |
|a TL5 .W63
|s 1972-1985
|t 0
|l Remote Storage
|